| 000 | 00571nam a22001817a 4500 | ||
|---|---|---|---|
| 005 | 20161206102015.0 | ||
| 010 | _aENG-116322 | ||
| 020 |
_a9780199458325 _c995.00 |
||
| 035 | _aEN-99854 | ||
| 037 | _bDBAD/PUB | ||
| 082 | 0 | 4 | _a324.54 |
| 245 | 0 | 4 |
_aEngaging the word : _cedited by Sumit Ganguly _bIndian forengn policy sinc 1947 / |
| 260 |
_aNew Delhi _bOxford University Press _c2016 |
||
| 270 |
_aYMCA Library Building, 1Jai Singh Road _bNew Delhi _e110001 |
||
| 300 |
_axvi,522p. _c21cm(Hb) |
||
| 700 | _dGanguly, | ||
| 942 |
_2ddc _cEN _h327.54 _mGAN |
||
| 999 |
_c104484 _d104484 |
||